[Event "Porto San Giorgio op 23rd"]
[Site "Porto San Giorgio"]
[Date "2011.08.28"]
[Round "9"]
[White "Maltempi, Angelo"]
[Black "Ramundi, Lorenzo"]
[Result "1-0"]
[WhiteElo "1847"]
[BlackElo "1617"]
[PlyCount "37"]
[EventDate "2011.08.21"]
[EventType "swiss"]
[EventRounds "9"]
[EventCountry "ITA"]
[SourceTitle "CBM 144 Extra"]
[Source "ChessBase"]
[SourceDate "2011.10.28"]
[SourceVersion "1"]
[SourceVersionDate "2011.10.28"]
[SourceQuality "1"]

1. c4 e5 2. g3 g6 3. Nc3 Bg7 4. Bg2 Nc6 5. e4 Nge7 6. Nge2 d6 7. d3 0-0 8. 0-0 Be6 9. Rb1 Qd7 10. Nd5 Rac8 11. b4 b6 12. b5 Na5 13. Bd2 Nb7 14. Bc3 Nc5 15. d4 Nb7 16. f4 Bg4 17. fxe5 dxe5 18. dxe5 c6 19. Nf6+ 1-0

[Event "Porto San Giorgio op 23rd"]
[Site "Porto San Giorgio"]
[Date "2011.08.24"]
[Round "5"]
[White "Marinone, Lucio"]
[Black "Maltempi, Angelo"]
[Result "1-0"]
[WhiteElo "2002"]
[BlackElo "1847"]
[PlyCount "38"]
[EventDate "2011.08.21"]
[EventType "swiss"]
[EventRounds "9"]
[EventCountry "ITA"]
[SourceTitle "CBM 144 Extra"]
[Source "ChessBase"]
[SourceDate "2011.10.28"]
[SourceVersion "1"]
[SourceVersionDate "2011.10.28"]
[SourceQuality "1"]

1. d4 d6 2. c4 g6 3. Nc3 Bg7 4. e4 f5 5. f3 Nf6 6. Nce2 Nc6 7. d5 Ne5 8. Nd4 fxe4 9. fxe4 0-0 10. Be2 Nfg4 11. Ngf3 e6 12. 0-0 exd5 13. cxd5 Nxf3+ 14. gxf3 Nxh2 15. Rf2 Nxf3+ 16. Rxf3 Rxf3 17. Bxf3 Qh4 18. Be3 Qg3+ 19. Kh1 Qh3+ 1-0